000 00881nam a22002897a 4500
003 DO-SdBPM
005 20250808131608.0
007 ta
008 160623b1994 sp||| 00| 0 spa d
020 _a9788479790721
040 _aDO-SdBPM
_bspa
_cBPMSU
_erda
082 4 _a891.818
_bC221s 1994
_222
100 1 _aCanetti, Elias
_eautor
245 1 3 _aEl suplicio de las moscas /
_cElias Canetti ; traducción Cristina García Ohlrich
250 _a3a ed.
260 _b ,
_b
264 _aMadrid :
_bMario Muchnik,
_c1994.
300 _a152 páginas ;
_c22 cm.
336 _atexto
_btxt
_2rdacontent
337 _asin mediación
_bn
_2rdamedia
338 _avolumen
_bnc
_2rdacarrier
590 _aInventariado, 2025/VM
650 7 _aLiteratura búlgara.
700 1 _aGarcía Ohlrich, Cristina,
_etraductor
910 _aVMateo V. Control de calidad. BPMSU
942 _2ddc
_cBK
999 _c10548
_d10548